Weezer - Getchoo (lyrics) - Statistics

General Stats
  • This quiz has been taken 21 times
  • The average score is 129 of 175
Answer Stats
Answer % Correct
getchoo
100%
a
89%
be
89%
I
89%
(I
89%
uh-huh
89%
beginning
78%
do
78%
done
78%
hurt
78%
hurt)
78%
is
78%
me
78%
serious
78%
This
78%
this
78%
(this
78%
to
78%
you
78%
all
67%
around
67%
baby
67%
believe
67%
believe)
67%
can't
67%
cryin'
67%
foolin'
67%
I'm
67%
it
67%
it's
67%
I've
67%
just
67%
late
67%
meant
67%
never
67%
no
67%
not
67%
now
67%
oh
67%
oh-ho
67%
oh-ho-ho-ho
67%
please
67%
say
67%
shame
67%
that
67%
too
67%
used
67%
what
67%
(what
67%
back
56%
breakin'
56%
but
56%
fall
56%
freak
56%
game
56%
hard
56%
if
56%
kind
56%
knee
56%
more
56%
of
56%
push
56%
see
56%
some
56%
sometimes
56%
surely
56%
them
56%
them)
56%
then
56%
think
56%
up
56%
will
56%
your
56%
you've
56%
and
44%
come
44%
did
44%
don't
44%
know
44%
play
44%
want
44%
'cause
33%
skin
33%
No matching quizzes found
Score Distribution
Percent of People with Each Score
Percentile by Number Answered
Your Score History
You have not taken this quiz